000 00287nam a22001337a 4500
003 SGT
082 _a610.7367
_bO13S
100 _aSANDHU, G.K.
245 _aOBSTETRIC AND MIDWIFERY
260 _aINDIA
_bLOTUS
_c2013
300 _a632
650 _aOBST. & GYNE
942 _2ddc
_cBK
_060
999 _c16509
_d16509